000 00723cam a22002533a 4500
001 3434
003 PGUSA
005 20140828083032.0
008 020901s2002||||xxu|||||s|||||000 | eng d
040 _aPGUSA
_beng
042 _adc
050 4 _aBP
245 1 4 _aThe Koran (Al-Qur'an)
_h[electronic resource]
260 _bProject Gutenberg,
_c2002
500 _aSee also PG#2800 tr. by J.M. Rodwell and PG#7440 tr. by George Sale
506 _aPublic domain in the USA.
516 _aElectronic text
653 _aQur'an
700 1 _aRodwell, J. M.
_q(John Medows),
_d1808-1900
740 0 _aKoran. English
830 0 _aProject Gutenberg
_v3434
856 4 0 _uhttp://www.gutenberg.org/ebooks/3434
942 _cEB
999 _c232763
_d232763